=LDR 00000nam 2200000 4500 =001 000858 =005 20250712091930 =035 ##$$a 0010-0725000733 =007 ta =008 250712################a##########0#ind## =020 ##$$a 978-623-307-548-0 =082 ##$$a 398.209 598 =084 ##$$a 398.209 598 CH. b =100 #$$a CH. Molorgerek =245 1#$$a Burung layang- layang dan lebah madu /$c CH. Molorgerek =250 ##$$a Pertama =260 ##$$a Jakarta :$b Badan pengembangan dan pembinaan bahasa,$c 2022 =300 ##$$a 16 HLM. : $b ilusi. ; $c 21,5 cm =650 #4$$a Cerita anak Indonesia terjemahan =650 #4$$a Literasi bahan bacaan =990 ##$$a TBM202400792